000 01458nam0a2200373 4500
001 RU\NLR\bibl\852482
005 20250614152432.0
010 _a5-699-08077-5
_bв пер.
_93000
021 _aRU
_b2005-25872
_91305
035 _aRSL-KNO-002600328
035 _a(NLR Aleph) 000841223
090 _a1421715
_c1421715
100 _a20050512d2005 |||y0rusy50 ca
101 0 _arus
102 _aRU
105 _aa |||||||||
106 _ar
200 1 _aМакроэкономика
_eвведение в макроэкономику, тесты и задачи, интернет-ресурсы
_fЕ. А. Киселева
210 _aМ.
_cЭКСМО
_d2005
_gТул. тип.
215 _a351, [1] с.
_cил., табл.
_d22
225 1 _aВысшее экономическое образование
320 _aБиблиогр.: с. 346 (6 назв.)
320 _aУказ. имен: с. 347-350
606 1 _aМакроэкономика
_jУчебные издания для высших учебных заведений
_91518341
_3RU\NLR\auth\66659814
610 0 _aЭкономика -- Экономическая теория -- Макроэкономика
686 _aУ018.5,093
_2rubbk
686 _aУ010.3я73
700 1 _aКиселева
_bЕ. А.
_4070
801 0 _aRU
_bRuMoRKP
_c20050512
_grcr
801 1 _aRU
_bRuMoRGB
_c20050512
801 2 _aRU
_bNLR
_c20051012
_grcr
942 _cBOOK
980 _aNB